00309 a2200109 4500001000700000020000600007040001100013100003300024240006900057245006400126362000900190168687 a  cMagnum aAgencia Regional de Noticias10aClipping em educacao - 01/05/00 a 07/05/00 - ano i - nº 37lpor10aClipping em educacao - 01/05/00 a 07/05/00 - ano i - nº 370 a1899